| 000 | 01252namaa2200337 a 4500 | ||
|---|---|---|---|
| 001 | vtls001301475 | ||
| 003 | NLI | ||
| 005 | 20210627043305.0 | ||
| 008 | 120418s1972 dcua i000 0 eng | ||
| 039 | 9 |
_y201204181916 _zVLOAD |
|
| 040 | 0 |
_aNLI _cVTLS-2012_FOD _eAACR2 |
|
| 041 | 0 | _aeng | |
| 044 | _adcu | ||
| 082 | 0 | 4 | _a631.432 |
| 100 | 1 |
_aMcQueen, I. S. _q(Irel S.), _d1921- _9715283 |
|
| 245 | 1 | 0 |
_aSoil-moisture and energy relationships associated with riparian vegetation near San Carlos, Arizona, _cby I. S. McQueen and R. F. Miller |
| 260 |
_aWashington, D.C. : _bUnited States Department of Interior, _c1972 |
||
| 300 |
_aiv, E 1-E 51 p. : _billus. ; _c29 cm. |
||
| 490 | 1 | _aGeological Survey professional paper 655-E. Gila River phreatophyte project | |
| 504 | _aBibliography: p. E 49-E 51 | ||
| 650 | 0 |
_aSoil moisture _9715284 |
|
| 650 | 0 |
_aPhreatophytes _zArizona _9715285 |
|
| 650 | 0 |
_aPlants _xEffect of soil moisture on _9715286 |
|
| 650 | 0 |
_aRiparian plants _zArizona _9715287 |
|
| 700 | 1 |
_aMiller, Reuben F. _q(Reuben Fred), _4jt. aut _9715288 |
|
| 710 | 1 |
_aUnited States. _bDepartment of Interior _9708872 |
|
| 887 | _a | ||
| 901 |
_aAD 48086 _b28.06.1973 _9pap.no.655-E |
||
| 902 | _aU.S 631.432 M 11 | ||
| 942 |
_2ddc _cBKS |
||
| 999 |
_c589054 _d589054 |
||